[Event "Sharjah Master 2024"]
[Site "Shsrjah - Abu Dhabi"]
[Date "2024.05.17"]
[Round "?"]
[White "Bharath Subramaniyam H"]
[Black "Narayanan S L"]
[Result "1-0"]
[WhiteElo "2544"]
[BlackElo "2695"]
[PlyCount "79"]
[EventDate "2024.05.14"]
[EventCountry "UAE"]

{[%evp 10,79,14,10,14,8,11,0,0,1,3,-73,-82,-113,-106,-140,-144,-141,-147,-133,-129,-117,-79,-78,62,17,23,-48,-30,-26,-25,-25,317,316,311,302,316,311,300,307,348,323,342,332,396,395,397,401,473,360,353,349,344,341,349,314,312,317,309,286,285,283,275,279,336,337,336,337,373,372,405,397]} 1. e4 c5 2. Nf3 Nc6 3. Nc3 g6 4. Bb5 Bg7 5. O-O d6 6. e5 dxe5 7. Bxc6+ bxc6 8. d3 c4 {The position is equal.} 9. Re1 Qc7 10. dxc4 $146 {Inaccuracy. h3 was best.} (10. h3) ({RR} 10. h3 cxd3 11. cxd3 Be6 12. Qe2 Nf6 13. Nxe5 Nd5 14. Nxd5 Qxe5 15. Qxe5 Bxe5 16. Nxe7 Kxe7 17. Rxe5 Rhd8 18. Re3 Rd5 19. Kf1 Rad8 20. Ke2 Kf8 21. g4 Ra5 22. a4 Bb3 23. Ra3 Rb8 24. Re4 Bd5 {Safarli,E (2614)-Nesse,D (2002) Prague CZE 2024 1-0 (33)}) (10. h3 $11) 10... f5 $17 11. Be3 Nf6 12. Bc5 e4 13. Nd2 O-O 14. f3 Rb8 15. Rb1 Be6 16. Qe2 Kh8 $2 {Mistake. Nd7 was best.} (16... Nd7 17. Bxe7 Rfe8 18. Bh4 Ne5 19. fxe4 f4 $1 20. Nf3 Bg4 21. Na4 {[#]} (21. Kh1 $17) 21... h6 (21... g5 $1 $19 22. Bxg5 Ng6) 22. Bf2) (16... Nd7 $17 17. Bxe7 Rfe8) 17. Kh1 Rbd8 18. Bg1 $6 {Inaccuracy. Rbd1 was best.} (18. Rbd1 Bc8 19. fxe4 Ng4 $1 {[%csl Gg4][%cal Rc7h2]} 20. Bg1 Ne5 21. exf5 Bxf5 22. Rc1 Bh6 23. Qxe5+ Qxe5) ({White should play} 18. Rbd1 $11) 18... Nh5 19. fxe4 Nf4 20. Qe3 c5 $4 {Blunder. Bd4 was best.} (20... Bd4 21. Qxd4+ Rxd4 22. Bxd4+ Kg8 23. exf5 Rxf5 24. Re4 c5 25. Be3 Bf7 $1 26. Re1) (20... Bd4 $11 21. Qxd4+ Rxd4 22. Bxd4+ Kg8) 21. Nd5 $1 $18 {[%cal Rd5c7]} Bxd5 22. exd5 e5 23. Qxc5 Qf7 24. Qxa7 Rd7 25. Qe3 g5 26. Nf3 Qh5 27. Nxe5 Re7 28. Qa3 Rfe8 $6 {Inaccuracy. Rxe5 was best.} (28... Rxe5 29. Rxe5 Nxg2 30. Rf1 Nh4 31. Re7 h6 32. Qd3 Ng6 33. Rxg7 Kxg7 34. Bd4+) 29. Nd3 $6 {Inaccuracy. d6 was best.} (29. d6 Rxe5 30. Rxe5 Bxe5 31. d7 Kg8 32. dxe8=R+ Qxe8 33. Qg3 h6 34. Re1 Kf7) 29... Ne2 {[%cal Re2g3]} 30. Bf2 f4 {[#] If only Black now had time for ...f3....} 31. d6 $1 {[%cal Rd6e7]} Rf7 {intending ...f3.} 32. Rxe2 Rxe2 33. Qa8+ Rf8 34. Qf3 Qxf3 35. gxf3 Rxc2 {With the idea ...Rd2.} 36. Rd1 Bxb2 $6 {Inaccuracy. Rxc4 was best.} (36... Rxc4 37. d7 Bf6 38. a4 Rc2 39. Bb6 h5 40. a5 Kh7 41. Nb4 Rxb2 42. Nd5) 37. Nxb2 Rxf2 38. Nd3 Rxa2 39. d7 Ra5 {And now ...Rd8 would win.} 40. Nb4 {Accuracy: White = 79%, Black = 57%.} 1-0

[Event "Sharjah Master 2024"]
[Site "Shsrjah - Abu Dhabi"]
[Date "2024.05.17"]
[Round "?"]
[White "Gavrilescu, David"]
[Black "Sjugirov, Sanan"]
[Result "1/2-1/2"]
[WhiteElo "2538"]
[BlackElo "2691"]
[PlyCount "116"]
[EventDate "2024.05.14"]
[EventCountry "UAE"]

1. e4 c5 2. Nf3 d6 3. d4 cxd4 4. Nxd4 Nf6 5. Nc3 Nc6 6. f3 e5 7. Nb3 Be6 8. Be3 Be7 9. Qd2 O-O 10. Nd5 Bxd5 $146 {Inaccuracy. a5 was best.} (10... a5 11. Bb6 Qb8 12. Bc7 Qa7 13. Bb6) ({RR} 10... a5 11. Bb6 Qd7 12. Bb5 a4 13. Na5 Bd8 14. Bxd8 Raxd8 15. Bxa4 Kh8 16. O-O Qc8 17. Nxc6 bxc6 18. Nxf6 gxf6 19. Qh6 Rg8 20. Qxf6+ Rg7 21. Bb3 Re8 22. Rf2 Kg8 23. Qh6 d5 24. Qe3 d4 25. Qd2 {Malek,J (2435)-Anton Guijarro,D (2670) chess.com INT 2024 1-0 (39)}) 11. exd5 Nb8 12. c4 a5 13. Bd3 $6 {Inaccuracy. O-O-O was best.} (13. O-O-O Nfd7 14. Kb1 f5 15. Bd3 a4 16. Nc1 Na6 17. Ne2 Ndc5 18. Bc2 Qd7) 13... Nbd7 14. O-O g6 15. Nc1 Nc5 16. Bc2 Rb8 17. a3 Qc7 $6 {Inaccuracy. Rc8 was best.} (17... Rc8) 18. Nb3 $2 {Mistake. Ne2 was best.} (18. Ne2) 18... Nxb3 19. Bxb3 a4 20. Ba2 Nd7 21. Qb4 Ra8 22. b3 Nc5 23. Bxc5 dxc5 24. Qd2 axb3 $6 {Inaccuracy. e4 was best.} (24... e4 25. bxa4) 25. Bxb3 Bd6 26. g3 h5 $6 {Inaccuracy. b5 was best.} (26... b5) 27. Bc2 Kg7 28. Qc3 f6 29. Rae1 Rf7 30. Re2 Rh8 31. Rg2 Rh6 32. Bd3 Kg8 33. Qd2 Kg7 34. Qc3 Re7 35. Rb1 Rh8 36. Re1 Kf7 37. Bb1 Rh7 38. Rf1 Kg7 $6 {Inaccuracy. e4 was best.} (38... e4 39. Bxe4) 39. Bc2 $6 {Inaccuracy. g4 was best.} (39. g4 hxg4 40. fxg4 Re8 41. Rgf2 Rf8 42. Be4 b5 43. Qg3 bxc4 44. h4 c3) 39... Rf7 40. Bd3 Rh6 41. Bc2 Rh8 42. Bb1 Qe7 43. Re1 Qd8 44. Rf1 Qc7 45. Bc2 Re8 46. Ba4 Ree7 47. Bc2 Qd7 48. Re1 Qe8 49. Rge2 Qh8 50. f4 h4 $6 {Inaccuracy. exf4 was best.} (50... exf4 51. Re6) 51. Qd3 Qh6 52. f5 g5 53. g4 Qh8 54. Ba4 Qa8 55. Bb5 b6 $6 {Inaccuracy. e4 was best.} (55... e4 56. Rxe4 Rxe4 57. Rxe4 Qb8 58. h3 Be5 59. Kf1 Re7 60. Ke2 Kf7 61. Kd1) 56. Re4 Ra7 57. Ra1 Ra5 58. a4 Rfa7 1/2-1/2

[Event "Sharjah Master 2024"]
[Site "Shsrjah - Abu Dhabi"]
[Date "2024.05.17"]
[Round "?"]
[White "Sargsyan, Shant"]
[Black "Erdogmus, Yagiz Kaan"]
[Result "1-0"]
[WhiteElo "2637"]
[BlackElo "2553"]
[PlyCount "117"]
[EventDate "2024.05.14"]
[EventCountry "UAE"]

{[%evp 12,117,59,55,57,42,66,26,42,29,30,33,30,24,30,26,23,23,27,33,30,22,36,6,7,4,29,8,11,12,19,20,12,8,14,0,0,0,3,6,3,5,3,7,115,130,133,122,242,241,243,13,21,19,23,12,12,6,110,103,216,218,203,206,228,216,301,301,360,262,301,296,321,316,367,336,423,423,423,423,423,423,423,423,426,424,419,421,439,438,438,438,638,452,445,453,598,528,603,587,662,637,1142,29946,901,863,1136,1023]} 1. e4 e5 2. Nf3 Nc6 3. Bc4 Nf6 4. d3 d5 5. exd5 Nxd5 6. O-O Be7 7. Re1 f6 8. d4 {[%cal Rd4e5]} ({RR} 8. Bb3 a5 9. c3 Nb6 10. Nh4 g6 (10... Qd7 $14) 11. a4 $1 Bd6 12. d4 Qe7 13. Be3 (13. Bh6 $142) 13... Bd7 14. dxe5 fxe5 15. Nf3 h6 16. Nbd2 O-O-O 17. Ne4 Bf5 18. Nfd2 Nd7 (18... Qg7 $16 19. Qe2 Kb8) 19. Bd5 $1 Nc5 20. Qe2 Nb8 21. Rad1 Nba6 22. Nxd6+ cxd6 {Abdusattorov,N (2727)-Van Foreest,J (2682) Wijk aan Zee NED 2024 1-0}) 8... Bg4 9. c3 $146 ({RR} 9. dxe5 Ndb4 10. Qxd8+ Rxd8 11. exf6 gxf6 12. Na3 Bxf3 $1 13. gxf3 Nd4 $1 14. Re4 Nxf3+ 15. Kg2 Ne5 16. Be2 c5 (16... Ng6 $11) 17. c3 (17. Be3 $16) 17... Nbd3 18. Bh6 Rg8+ (18... f5 $15 19. Re3 Rg8+ 20. Rg3 Kf7) 19. Kf1 Kf7 20. Bh5+ Ke6 21. Nc2 $2 (21. Nc4 $11) 21... f5 $1 22. Re2 $2 (22. Ra4) 22... Kf6 $2 (22... Bg5 $19 23. Bxg5 Rxg5) 23. Ne1 c4 {Nilsen,T (2207)-Espinoza Villanueva,R (1928) chess.com INT 2024 0-1}) 9... exd4 {White has an edge.} 10. cxd4 Nb6 11. Bb3 Qd7 12. h3 Bxf3 $1 13. Qxf3 {Strongly threatening Be6.} Nxd4 14. Qxb7 Nxb3 15. axb3 O-O 16. Nc3 Bb4 17. Rxa7 Rxa7 18. Qxa7 Qc6 19. Bf4 {Threatening Rc1.} Bxc3 20. bxc3 Nd5 21. Bd2 {Hoping for c4.} Nxc3 22. Qd4 $36 {[%mdl 2048] Black is under pressure.} Nd5 23. h4 Qd7 24. b4 (24. Rc1 {looks sharper.} c6 25. Qa4 Nb6 26. Qf4 Rd8 27. Ba5) 24... Nb6 (24... c6 {keeps more tension.} 25. Qc4 Ra8 26. Rc1 Rb8 27. g3 h6) 25. Qxd7 Nxd7 $11 {[%mdl 4096] Endgame KRB-KRN} 26. Rc1 Rc8 27. b5 {Black should prevent Be3.} Kf8 $6 {Inaccuracy. Nb6 was best.} (27... Nb6 $1 28. Ba5 Ra8 29. Bxb6 cxb6 30. Rc6 Ra1+ 31. Kh2 h5 32. Rxb6 Rb1 33. Rb7) (27... Nb6 $1 $11 {remains equal.}) 28. Bb4+ $16 Kf7 29. Ba5 Rb8 $6 {Inaccuracy. c5 was best.} (29... c5 30. bxc6) (29... c5 $16) 30. Rxc7 $18 Ke6 31. Rc6+ $4 {Blunder. b6 was best.} (31. b6 $1) (31. b6 $1 $18) 31... Kf5 $11 32. b6 h5 $1 33. Kh2 Ke5 $1 34. Rc3 Kf5 $6 {Inaccuracy. Kd6 was best.} (34... Kd6 35. Rb3 Kc6 36. Rg3 Rg8 37. Rc3+ Kb5 38. b7 Rb8 $1 39. Rc7 Nc5 40. Rxg7) (34... Kd5 $11) 35. Rb3 $1 $16 {Threatens to win with b7.} Rb7 $6 {Inaccuracy. Ke5 was best.} (35... Ke5 {35...e6 0.91}) (35... Ke6 $16) 36. Rb5+ $18 Ke6 37. Kg3 g6 38. Kf4 Kd6 39. Rb1 $1 Ke6 $6 {Inaccuracy. Rb8 was best.} (39... Rb8 40. b7 $1 Kc6 41. Bc3 $1 Rxb7 42. Rxb7 Kxb7 {[#]} 43. Bxf6 $1 Nxf6 44. Kg5 Nd5 {[#]} 45. g3 $1) 40. f3 Kd6 41. Rd1+ Ke6 $6 {Inaccuracy. Ke7 was best.} (41... Ke7 42. Rb1 Kd6 43. g4 Ke6 44. Rb5 hxg4 45. fxg4 Ke7 46. h5 gxh5 47. gxh5) 42. Rc1 Rb8 43. Rc7 Ra8 44. b7 g5+ 45. hxg5 fxg5+ 46. Ke4 Rxa5 {[#]} 47. Rxd7 $1 {[%mdl 512] KR-KR} Rb5 (47... Kxd7 48. b8=Q) 48. Rh7 Rb4+ 49. Kd3 h4 50. Kc3 Rb1 51. Kd4 Kf5 (51... Rb2 $142 52. Kc5 Rc2+ 53. Kb6 Rxg2 54. Rh6+ Kd5 55. Rd6+ {[%mdl 64] Decoy, Promotion} Kxd6 56. b8=Q+ Kd5 57. Qa8+ Kd6 58. Qb8+ Kd7) 52. Rf7+ Ke6 53. Rh7 Kf5 $6 {Inaccuracy. Kd6 was best.} (53... Kd6 54. Kc4 Rb2 55. Rg7 Ke6 56. Kc5 Rc2+ 57. Kb6 Rxg2 58. Rxg5 Rxg5 59. b8=Q) 54. Kc5 Kf4 {intending ...Kg3.} 55. Rg7 Rb2 56. Kc6 Rc2+ 57. Kd7 Rb2 58. Kc8 Rc2+ 59. Rc7 {Accuracy: White = 84%, Black = 51%.} 1-0

[Event "Sharjah Master 2024"]
[Site "Shsrjah - Abu Dhabi"]
[Date "2024.05.17"]
[Round "?"]
[White "Pranav Anand"]
[Black "Banusz, Tamas"]
[Result "1-0"]
[WhiteElo "2530"]
[BlackElo "2623"]
[PlyCount "61"]
[EventDate "2024.05.14"]
[EventCountry "UAE"]

1. e4 e5 (1... c5 2. Nf3 Nc6 3. Bb5 e6 4. Bxc6 bxc6 5. b3 f6 6. d3 e5 7. Nh4 Ne7 8. f4 exf4 9. Bxf4 d5 10. O-O g5 11. Qh5+ Kd7 12. Bd2 gxh4 13. Rxf6 Qe8 14. Rf7 Kc7 15. exd5 Bg7 16. Nc3 Bd4+ 17. Kh1 Bg4 18. d6+ Kb6 19. Qxg4 Qxf7 20. dxe7 Qxe7 21. Na4+ Kb7 22. c3 Rag8 23. Qh3 Bf2 24. b4 cxb4 25. d4 Rf8 26. Nc5+ Ka8 27. Nd7 Be1 28. Nxf8 Rxf8 29. Bxe1) 2. Nf3 (2. d4 Nc6) 2... Nc6 3. Bb5 a6 4. Ba4 d6 5. O-O Bd7 6. c3 g6 7. d4 Bg7 8. h3 Nge7 9. Re1 O-O 10. Be3 Qe8 $146 ({RR} 10... b5 11. Bc2 Qc8 12. Nbd2 exd4 13. cxd4 Nb4 14. Nf1 Nxc2 15. Qxc2 Qb7 16. Ng3 Rac8 17. Qd2 f5 18. Bg5 Rce8 19. Bxe7 Rxe7 20. exf5 Rxe1+ 21. Rxe1 Bxf5 22. Nxf5 Rxf5 23. Re8+ Rf8 24. Qe3 Qd5 25. Ng5 {Maria,L (1937)-Sandu,M (2270) Eforie Nord ROU 2024 ½-½ (42)}) 11. Bc2 $6 {Inaccuracy. d5 was best.} (11. d5 Nd8) 11... a5 $6 {Inaccuracy. Kh8 was best.} (11... Kh8 12. dxe5) 12. Na3 Nd8 13. Qd2 a4 14. Rad1 Bc6 15. Bh6 f6 16. Bxg7 Kxg7 17. c4 b6 18. Qc3 Nf7 19. Bd3 Bd7 20. Nb5 Qb8 21. Bf1 Rd8 22. Rd2 c5 23. dxe5 dxe5 24. Red1 Bc6 25. Qc2 Rxd2 26. Rxd2 Nd8 27. Qd1 Ne6 28. Rd6 Qc8 29. Nc3 Nf8 $6 {Inaccuracy. Nd8 was best.} (29... Nd8) 30. Nh2 h5 31. g3 1-0

[Event "Sharjah Master 2024"]
[Site "Shsrjah - Abu Dhabi"]
[Date "2024.05.17"]
[Round "?"]
[White "Ivanchuk, Vasyl"]
[Black "Erdos, Viktor"]
[Result "1/2-1/2"]
[WhiteElo "2609"]
[BlackElo "2546"]
[PlyCount "66"]
[EventDate "2024.05.14"]
[EventCountry "UAE"]

1. e4 e5 2. Nf3 Nf6 3. Nxe5 d6 4. Nf3 Nxe4 5. Nc3 Nxc3 6. dxc3 Be7 7. Be3 O-O 8. Qd2 Nd7 9. O-O-O Nf6 ({RR} 9... c6 10. Kb1 Re8 11. h4 d5 12. c4 Nf6 13. Qc3 Bg4 14. Bd3 a5 15. a3 h6 16. Rhg1 Qc8 17. Qb3 a4 18. Qa2 Rd8 19. Bd4 Be6 20. Rde1 c5 21. Bxf6 Bxf6 22. g4 Bxg4 23. Ne5 Bxe5 24. Rxe5 {Duda,J (2732)-Smirnov,A (2586) chess.com INT 2024 0-1 (66)}) 10. Bd3 Re8 11. Rhe1 Bg4 12. Bd4 $146 ({RR} 12. Bg5 Qd7 13. Qf4 Nh5 14. Qd2 Bxg5 15. Qxg5 h6 16. Qd2 Qa4 17. a3 Bxf3 18. gxf3 Qf4 19. Qxf4 Nxf4 20. Re4 Nh3 21. Rf1 Ng5 22. Re3 Nh3 23. Be4 Rab8 24. Bf5 Nf4 25. Re4 Rxe4 26. fxe4 Re8 {Graif,W (2302)-Lee,A (2379) New York USA 2024 ½-½ (67)}) ({RR} 12. h3 Bxf3 13. gxf3 Nd7 14. Rg1 Bf6 15. Rg2 d5 16. f4 Qe7 17. h4 Nc5 18. Bf5 Rad8 19. Rdg1 Ne4 20. Qe2 Kh8 21. Qb5 c6 22. Qa4 b5 23. Qa5 a6 24. Qb6 b4 25. Bd4 g6 26. Bxe4 dxe4 {Dhruva,T (2182)-Jacobson,A (2446) Sitges ESP 2023 1-0 (49)}) ({RR} 12. Qe2 Qd7 13. h3 Bf5 {½-½ (13) Turcan,R (2402)-Juhasz,K (2484) Austria AUT 2024}) 12... c5 13. Bxf6 Bxf6 14. Be4 Bxf3 15. Bxf3 Rxe1 16. Qxe1 Rb8 17. Rd5 b5 18. Qe3 a5 19. Be2 a4 20. a3 g6 21. g3 b4 22. cxb4 cxb4 23. axb4 Rxb4 24. c3 Qa8 25. Rd1 $6 {Inaccuracy. cxb4 was best.} (25. cxb4 Qxd5 26. Kb1 Qf5+ 27. Kc1 Kg7 28. g4 Qc8+ 29. Kb1 Qb7 30. b5 Qh1+) 25... Rb8 $6 {Inaccuracy. Qc8 was best.} (25... Qc8 26. Rd3 Rb8 27. Qa7 Ra8 28. Qe3 a3 29. bxa3 Rxa3 30. Kd2 Qh3 31. Qf3) 26. Qf3 a3 27. Qxa8 Rxa8 28. bxa3 Rxa3 29. Rxd6 Bxc3 30. Ra6 Rxa6 31. Bxa6 Bd4 32. f3 Bg1 33. h3 Bh2 1/2-1/2

[Event "Sharjah Master 2024"]
[Site "Shsrjah - Abu Dhabi"]
[Date "2024.05.17"]
[Round "?"]
[White "Raja Rithvik R"]
[Black "Gupta, Abhijeet"]
[Result "0-1"]
[WhiteElo "2523"]
[BlackElo "2601"]
[PlyCount "82"]
[EventDate "2024.05.14"]
[EventCountry "UAE"]

1. d4 Nf6 2. c4 g6 3. Nc3 Bg7 4. e4 d6 5. Nge2 O-O 6. Ng3 h5 7. Be2 a5 8. Be3 a4 $146 ({RR} 8... e5 9. d5 Na6 10. h3 Nc5 11. Qc2 h4 12. Nf1 Nh7 13. O-O-O f5 14. Rg1 Bd7 15. g3 hxg3 16. Bxc5 dxc5 17. Nxg3 f4 18. Nf1 f3 19. Bd3 Ra6 20. Nd2 Bh6 21. Kb1 Raf6 22. h4 Kh8 23. Nb5 {Chaqryan,E (2326)-Andriasian,Z (2570) Yerevan ARM 2024 0-1 (86)}) 9. a3 e5 10. d5 Nbd7 11. Bg5 Nc5 12. Bxh5 Qe8 13. Be2 Nh7 14. Be3 Nb3 15. Rb1 f5 16. exf5 gxf5 17. f4 exf4 18. Bxf4 Bd4 19. Qd3 Bd7 20. Kd1 Be5 21. Rf1 Kh8 22. Kc2 Nd4+ 23. Kd2 b5 $6 {Inaccuracy. Nb3+ was best.} (23... Nb3+ 24. Kc2) 24. Bh5 Qd8 25. Rbe1 Bg7 26. Bd1 $6 {Inaccuracy. cxb5 was best.} (26. cxb5 Rb8) 26... bxc4 27. Qxc4 Rb8 $4 {Blunder. Bc8 was best.} (27... Bc8 28. Be3 Ba6 29. Qxd4 Bxd4 30. Bxd4+ Kg8 31. Nxf5 Qg5+ 32. Be3 Rxf5 33. Bxg5) 28. Kc1 Bb5 29. Nxb5 Rxb5 30. Qxa4 $2 {Mistake. Kb1 was best.} (30. Kb1 Qb8 31. Bc1 c5 32. dxc6 Nxc6 33. Rf2 Qb6 34. Rd2 d5 35. Qe2 Nd4) 30... Qb8 31. Rf2 $6 {Inaccuracy. Nh5 was best.} (31. Nh5 Rxb2 32. Nxg7 Rb1+ 33. Kd2 Qb2+ 34. Bc2 Rxe1 35. Rxe1 Nxc2 36. Qxc2 Qxg7) 31... Rc5+ $4 {Blunder. Qb7 was best.} (31... Qb7 32. Be3 Rc5+ 33. Kb1 Nb5 34. Bb3 Ra8 35. Qxa8+ Qxa8 36. Bxc5 dxc5 37. Nxf5) 32. Kb1 Nb5 33. Ka2 $4 {Blunder. Bb3 was best.} (33. Bb3 Qb7 34. Rfe2 Nf6 35. Bd2 Rxd5 36. Bxd5 Qxd5 37. Bb4 f4 38. Ne4 Ng4) 33... Qb7 $4 {Blunder. Bxb2 was best.} (33... Bxb2 34. Kxb2) 34. Rfe2 $4 {Blunder. Re3 was best.} (34. Re3 Nd4 35. Nh5 Qxd5+ 36. Kb1 Nf6 37. Nxf6 Bxf6 38. Qd7 Qf7 39. Qxf7 Rxf7) 34... Nf6 $4 {Blunder. Bxb2 was best.} (34... Bxb2 35. Rxb2) 35. Bb3 $4 {Blunder. Be3 was best.} (35. Be3) 35... Ra8 36. Qb4 $2 {Mistake. Qxa8+ was best.} (36. Qxa8+ Qxa8 37. Nxf5 Rc3 38. Nxg7 Kxg7 39. Rd2 Rxb3 40. Kxb3 Nxd5 41. Be3 c5) 36... Nxd5 37. Re8+ Kh7 38. Qd2 $4 {Checkmate is now unavoidable. Bd2 was best.} (38. Bd2 Nxb4+ 39. Bxb4 Rxe8 40. Rxe8 Nd4 41. Bg8+ Kg6 42. Re7 Qxg2 43. Bxc5 dxc5) 38... Nxa3 $4 {Lost forced checkmate sequence. Nbc3+ was best.} (38... Nbc3+ 39. bxc3 Nxc3+ 40. Kb2 Nd1+ 41. Ka2 Rxa3+ 42. Kxa3 Bb2+ 43. Ka2 Qa6+ 44. Qa5) 39. bxa3 $4 {Checkmate is now unavoidable. Rxa8 was best.} (39. Rxa8 Qxa8 40. Bxd5 Rxd5 41. Re8 Nc4+ 42. Rxa8 Nxd2 43. Ra7 Kg6 44. b4 Rd4) 39... Nc3+ 40. Qxc3 $4 {Checkmate is now unavoidable. Kb2 was best.} (40. Kb2 Nd1+ 41. Ka2 Rxa3+ 42. Kxa3 Bb2+ 43. Ka2 Qa6+ 44. Qa5 Qxa5+ 45. Ba4 Qxa4+) 40... Rxa3+ 41. Kxa3 Rxc3 0-1

[Event "Sharjah Master 2024"]
[Site "Shsrjah - Abu Dhabi"]
[Date "2024.05.17"]
[Round "?"]
[White "Kuybokarov, Temur"]
[Black "Sivuk, Vitaly"]
[Result "1-0"]
[WhiteElo "2600"]
[BlackElo "2541"]
[PlyCount "211"]
[EventDate "2024.05.14"]
[EventCountry "UAE"]

1. e4 e5 2. Nf3 Nc6 3. Bb5 a6 4. Ba4 Nf6 5. O-O Be7 6. Re1 b5 7. Bb3 O-O 8. h3 Na5 9. Nxe5 Nxb3 10. axb3 Bb7 11. d3 d5 12. exd5 Qxd5 13. Qf3 Bd6 14. Kf1 $146 ({RR} 14. Qxd5 Nxd5 15. Nc3 Nb4 16. Re2 Nxc2 17. Rxc2 Bxe5 18. Be3 Rfd8 19. Rd1 h6 20. d4 Bf6 21. Ne2 Rac8 22. Rdc1 Bd5 23. Rxc7 Rxc7 24. Rxc7 Bxb3 25. Ra7 Bc4 26. Kf1 Bxd4 27. Bxd4 Rxd4 28. Ke1 Re4 {Grot,B (2102)-Lopusiewicz,P (2301) chess.com INT 2024 0-1 (37)}) 14... Rfb8 15. Qxd5 Nxd5 16. Bd2 c5 17. Nf3 Rd8 18. Re2 Rac8 19. Nc3 Nb4 20. Ne1 Bf8 21. Ne4 Nc6 22. Nf3 f6 23. g4 Rd7 24. h4 Kf7 25. h5 h6 26. Kg2 f5 27. gxf5 Rd5 28. Ng3 Nd4 29. Nxd4 cxd4 30. Kh3 Rxc2 31. Rc1 Rxc1 32. Bxc1 Rc5 33. Bf4 Bd5 34. Ne4 Rc6 35. Be5 Bxb3 36. Bxd4 Bd1 37. Re3 Bxh5 38. f3 Kg8 39. f4 Kf7 40. Re1 Rc2 41. Ra1 Rc6 42. Be5 g6 43. Ng3 Bf3 44. Rf1 Bd5 45. fxg6+ Rxg6 46. f5 Rc6 47. Ra1 Bb4 48. Ne2 Rc2 $6 {Inaccuracy. a5 was best.} (48... a5 49. Nf4 Bb3 50. Rg1 Bf8 51. Ng6 a4 52. Nxf8 Kxf8 53. Rg4 Ke8 54. Kg3) 49. Nf4 Bb7 50. Rg1 Bf8 51. Rg6 Bc8 $6 {Inaccuracy. Rc1 was best.} (51... Rc1) 52. Rf6+ $6 {Inaccuracy. Kg3 was best.} (52. Kg3 a5 53. Rf6+ Ke8 54. Ne6 Bxe6 55. Rxe6+ Kd7 56. Rf6 Re2 57. d4 Ke8) 52... Ke8 53. Ne6 Be7 $4 {Blunder. Bxe6 was best.} (53... Bxe6) 54. Rxh6 a5 55. Nc7+ $4 {Blunder. Rh8+ was best.} (55. Rh8+ Kd7 56. Rh7 Ke8 57. Kg4 Rg2+ 58. Kf3 Rg1 59. Rh8+ Kd7 60. Kf2 Rg4) 55... Kd7 $4 {Blunder. Rxc7 was best.} (55... Rxc7 56. Bxc7 Bxf5+ 57. Kg3 Bxd3 58. Bxa5 Kd7 59. Bc3 Bf8 60. Rh8 Bd6+ 61. Kf3) 56. Rh7 Kc6 57. Rxe7 Bxf5+ 58. Kg3 Bxd3 59. Ne6 Rc4 60. Nf4 $6 {Inaccuracy. Nd4+ was best.} (60. Nd4+ Kb6 61. Re6+ Kc5 62. Rd6 Kb4 63. Nc6+ Ka4 64. Nxa5 Kxa5 65. Rxd3 b4) 60... Be4 61. Rc7+ Kb6 62. Rxc4 bxc4 63. Bd6 Kb5 $6 {Inaccuracy. c3 was best.} (63... c3 64. bxc3 Kb5 65. Kf2 Kc4 66. Ke3 a4 67. Ne2 Bd3 68. Nc1 Kxc3 69. Nxd3) 64. Ne2 Ka4 65. Nc3+ Kb3 66. Nxe4 Kxb2 67. Kf2 a4 68. Ke2 a3 69. Kd1 a2 70. Be5+ Kb3 71. Nd2+ Kb4 72. Kc2 Kb5 73. Kb2 Kb4 $2 {Mistake. c3+ was best.} (73... c3+) 74. Bc3+ Kc5 75. Kxa2 Kd5 76. Ka3 Kc5 77. Ka4 Kd5 78. Kb5 Kd6 79. Kxc4 Kc6 80. Ne4 Kb6 81. Kd5 Kc7 82. Nc5 $4 {Lost forced checkmate sequence. Ba5+ was best.} (82. Ba5+ Kc8 83. Kc6 Kb8 84. Nc5 Kc8 85. Bc3 Kb8 86. Nd7+ Ka7 87. Be5 Ka6) 82... Kb6 83. Ne6 Kb7 84. Kd6 Kb6 85. Nc7 Kb7 86. Bd4 Kb8 87. Kc6 Kc8 88. Ba7 Kd8 89. Nd5 Ke8 90. Kd6 Kf7 91. Ne7 Kf6 92. Be3 Kf7 93. Bg5 Ke8 $4 {Checkmate is now unavoidable. Kf8 was best.} (93... Kf8 94. Ng6+ Kf7 95. Ne5+ Ke8 96. Ke6 Kf8 97. Kd7 Kg8 98. Bh6 Kh7 99. Bf8) 94. Ng6 Kf7 95. Ne5+ Ke8 96. Ke6 Kf8 97. Bf6 Ke8 98. Nf7 Kf8 99. Nd6 Kg8 100. Kf5 Kh7 101. Kg5 Kg8 102. Kg6 Kf8 103. Bg5 Kg8 104. Be7 Kh8 105. Nf7+ Kg8 106. Nh6+ 1-0

[Event "Sharjah Master 2024"]
[Site "Shsrjah - Abu Dhabi"]
[Date "2024.05.17"]
[Round "?"]
[White "Gholami Orimi, Mahdi"]
[Black "Sethuraman, S.P."]
[Result "1-0"]
[WhiteElo "2470"]
[BlackElo "2588"]
[PlyCount "83"]
[EventDate "2024.05.14"]
[EventCountry "UAE"]

1. d4 Nf6 2. c4 e6 3. Nc3 Bb4 4. e3 O-O 5. Bd3 Re8 6. Nge2 d5 7. a3 Bf8 8. O-O b6 9. e4 dxe4 10. Nxe4 Bb7 11. Nxf6+ $146 ({RR} 11. Qc2 Nxe4 12. Bxe4 Bxe4 13. Qxe4 Nd7 14. Rd1 e5 15. dxe5 Rxe5 16. Qf3 Qe8 17. Kf1 Re6 18. Nf4 Re4 19. Be3 Bd6 20. Rd4 Rxd4 21. Bxd4 Bxf4 22. Qxf4 Nf8 23. Re1 Qc6 24. Bc3 {½-½ (24) Ganaus,H (2236)-Sadilek,P (2279) Austria AUT 2024}) ({RR} 11. Qc2 Nbd7 12. Rd1 Bxe4 13. Bxe4 Nxe4 14. Qxe4 c5 15. Be3 Qc7 16. Rac1 Rad8 17. h3 g6 18. Qf3 Bg7 19. Bf4 e5 20. Bh2 e4 21. Bxc7 exf3 22. Nc3 Rc8 23. Nb5 cxd4 24. Nd6 fxg2 25. Nxe8 Rxe8 {Makhnev,D (2516)-Pichot,A (2644) chess.com INT 2024 1-0 (74)}) 11... Qxf6 12. Qc2 Qh4 13. Bf4 Bd6 14. Bg3 Bxg3 15. fxg3 Qh6 16. Rf4 $6 {Inaccuracy. Rae1 was best.} (16. Rae1 Nd7 17. Nc3 Rad8 18. Rf4 g6 19. Nb5 e5 20. Nxc7 Re7 21. Rff1 Nf8) 16... Nd7 17. Kh1 $6 {Inaccuracy. Nc3 was best.} (17. Nc3 e5) 17... f5 $6 {Inaccuracy. g5 was best.} (17... g5) 18. d5 Ne5 19. Nd4 g5 20. Rff1 Ng4 21. h3 Ne3 22. Qd2 Nxf1 23. Rxf1 Rad8 24. Kh2 Qg7 $6 {Inaccuracy. Bc8 was best.} (24... Bc8 25. Nxe6 Bxe6 26. dxe6 Qf6 27. Qc2 f4 28. gxf4 Rxe6 29. Bxh7+ Kg7 30. Bf5) 25. Nxe6 Rxe6 26. dxe6 Be4 27. Re1 Rd6 28. Re3 Qe5 29. c5 bxc5 30. Qe2 Kh8 $2 {Mistake. Kg7 was best.} (30... Kg7 31. Qh5 Qf6 32. Bxe4 Rxe6 33. Rc3 fxe4 34. Rxc5 h6 35. Rxc7+ Re7 36. Rc8) 31. Qf1 $2 {Mistake. Bxe4 was best.} (31. Bxe4 Rxe6 32. Qf3 Kg7 33. Bxf5 Qxe3 34. Bxe6 Qxe6 35. Qc3+ Kg6 36. Qxc5 Qb6) 31... Kg7 $4 {Blunder. h5 was best.} (31... h5) 32. Rxe4 fxe4 33. Qf7+ Kh6 34. Bc4 Rd8 35. e7 Rh8 36. Bb5 e3 $6 {Inaccuracy. Qxb2 was best.} (36... Qxb2 37. e8=Q Rxe8 38. Bxe8 Qd4 39. Qf8+ Qg7 40. Qxc5 Qf6 41. Qxc7 a6 42. Bh5) 37. Kg1 $6 {Inaccuracy. Bd3 was best.} (37. Bd3 Qg7 38. Qe6+ Qg6 39. Bxg6 hxg6 40. e8=B Rxe8 41. Qxe8 Kg7 42. Qxe3 c4) 37... c6 38. Be2 g4 39. Bxg4 Rb8 40. Be2 Qxg3 41. Qf6+ Qg6 42. Qf4+ 1-0